ՀՀ Գիտությունների ազգային ակադեմիայի հիմնարար գիտական գրադարան  =   Fundamental Scientific Library of NAS RA

Павел Михайлович Третьяков в жизни и искусстве / (Record no. 455497)

MARC details
000 -LEADER
fixed length control field 00950nam a2200241 a 4500
001 - CONTROL NUMBER
control field 000603372
003 - CONTROL NUMBER IDENTIFIER
control field AM-YEHGA
005 - DATE AND TIME OF LATEST TRANSACTION
control field 20250617160540.0
008 - FIXED-LENGTH DATA ELEMENTS--GENERAL INFORMATION
fixed length control field 081007s1960 ru a||||||||||||||||rus|d
040 ## - CATALOGING SOURCE
Original cataloging agency AM-YeHGA
041 0# - LANGUAGE CODE
Language code of text/sound track or separate title rus
090 ## - LOCALLY ASSIGNED LC-TYPE CALL NUMBER (OCLC); LOCAL CALL NUMBER (RLIN)
-- 458504
100 1# - MAIN ENTRY--PERSONAL NAME
Personal name Боткина, Александра Павловна
245 10 - TITLE STATEMENT
Title Павел Михайлович Третьяков в жизни и искусстве /
Statement of responsibility, etc. А. П. Боткина.
250 ## - EDITION STATEMENT
Edition statement 2-е изд.
260 ## - PUBLICATION, DISTRIBUTION, ETC.
Place of publication, distribution, etc. Москва :
Name of publisher, distributor, etc. Искусство,
Date of publication, distribution, etc. 1960.
300 ## - PHYSICAL DESCRIPTION
Extent 355 с. :
Other physical details 34 л. ил. ; портр. ;
Dimensions 22 см.
440 #0 - SERIES STATEMENT/ADDED ENTRY--TITLE
Title Жизнь в искусстве
500 ## - GENERAL NOTE
General note Загл. 2-го изд.: Павел Михайлович Третьяков в жизни и искусстве"
600 14 - SUBJECT ADDED ENTRY--PERSONAL NAME
Personal name Третьяков, Павел Михайлович
650 14 - SUBJECT ADDED ENTRY--TOPICAL TERM
Topical term or geographic name entry element Третьяковская галерея - История
942 ## - ADDED ENTRY ELEMENTS (KOHA)
Source of classification or shelving scheme Universal Decimal Classification
Koha item type Գրքեր / Books
Holdings
Withdrawn status Lost status Source of classification or shelving scheme Damaged status Not for loan Collection Home library Current library Date acquired Total checkouts Full call number Barcode Date last seen Price effective from Koha item type Public note
    Universal Decimal Classification     General Fundamental Scientific Library Fundamental Scientific Library 13/01/2021   PII/41993 FL0635827 13/01/2021 13/01/2021 Գրքեր / Books 30 Days Loan
    Universal Decimal Classification     Kusikian Individual Collection Fundamental Scientific Library Fundamental Scientific Library 27/02/2025   Кус/1498 FL0686231 27/02/2025 27/02/2025 Գրքեր / Books ILL Non-Circ.


ՀՀ ԳԱԱ հիմնարար գիտական գրադարան
ՀՀ,Երևան 0019
Մարշալ Բաղրամյան 24/6
հեռախոս:(374-10) 52-47-50
Հետադարձ կապ

All site content, except where otherwise noted, is licensed under a
Creative Commons License